[Event "Chessable Masters by chess24-A"]
[Site "Online"]
[Date "2020.06.19"]
[Round "8.1"]
[White "Harikrishna, Pentala"]
[Black "Dubov, Daniil"]
[Result "1/2-1/2"]
[WhiteElo "2690"]
[BlackElo "2770"]
[Annotator "TA"]
[PlyCount "71"]
[EventDate "2020.06.20"]
[EventType "tourn"]
[SourceTitle "playchess.com"]
[Source "ChessBase"]
[SourceQuality "1"]

{[%evp 9,71,0,22,32,26,42,52,39,61,12,38,0,0,0,0,-30,-30,-30,-31,-29,-31,-21,-23,-28,-25,-55,-42,-80,-75,-85,-79,-72,-73,-87,-78,-83,-70,-50,-52,-64,0,0,0,0,0,0,0,0,0,0,0,0,0,0,0,0,0,0,0,0,0,0,0,0]} 1. d4 Nf6 2. Nf3 d5 3. Bf4 c5 4. e3 Nc6 5. Nbd2 Nh5 (5... e6 {keeps more tension.} 6. Bb5 Bd7 7. O-O cxd4 8. exd4 Qb6) 6. dxc5 {D02: 1 d4 d5 2 Nf3 sidelines, including 2...Nf6 3 g3 and 2...Nf6 3 Bf4.} Nxf4 7. exf4 g6 8. c3 {White is slightly better.} Bg7 {[#]} 9. g3 $146 ({Predecessor:} 9. Bb5 O-O 10. O-O d4 11. Bxc6 dxc3 12. Be4 cxd2 13. Qxd2 Qxd2 14. Nxd2 Bxb2 15. Rab1 Ba3 16. c6 {½-½ (16) Firouzja,A (2723)-Dubov,D (2683) Wijk aan Zee 2020}) 9... O-O 10. Bg2 b6 11. cxb6 Qxb6 12. Qb3 Qa5 13. O-O Rb8 14. Qc2 Bf5 15. Qc1 Qb6 $36 {[%mdl 2048] Black has the initiative.} 16. Nb3 a5 {[%cal Ba7a5,Ba5a4][%mdl 32]} 17. Rd1 Rfc8 18. Rxd5 {[#]} Be6 $1 {[%cal Re6d5]} 19. Rd2 a4 20. Nbd4 Nxd4 21. Nxd4 Bxd4 22. Rxd4 Qxd4 23. cxd4 Rxc1+ 24. Rxc1 Bxa2 $17 {[%mdl 4096] Endgame KRB-KRB} ({Better is} 24... Rxb2 $15 25. d5 Bf5) 25. Bc6 $11 {The position is equal.} Rxb2 {[#] And now ...a3 would win.} 26. Bxa4 Rb4 27. Bc6 Rxd4 28. h4 Bd5 29. Bxd5 Rxd5 {KR-KR} 30. Kg2 h5 31. Rc7 e6 32. Rc2 Kg7 33. Ra2 Kg8 34. Rc2 Kg7 35. Ra2 Kg8 36. Rc2 {Accuracy: White = 78%, Black = 96%.} 1/2-1/2

[Event "Chessable Masters by chess24-A"]
[Site "Online"]
[Date "2020.06.19"]
[Round "8.2"]
[White "Artemiev, Vladislav"]
[Black "Nakamura, Hikaru"]
[Result "1/2-1/2"]
[WhiteElo "2769"]
[BlackElo "2829"]
[Annotator "TA"]
[PlyCount "82"]
[EventDate "2020.06.20"]
[EventType "tourn"]
[SourceTitle "playchess.com"]
[Source "ChessBase"]
[SourceQuality "1"]

{[%evp 18,82,21,25,15,21,14,10,25,15,19,18,32,36,40,42,28,31,24,27,25,34,18,24,95,30,31,31,31,31,31,31,31,31,31,31,31,31,77,65,80,47,89,40,45,31,43,27,56,7,14,0,0,0,0,0,0,0,0,0,0,0,0,0,0,0,0]} 1. Nf3 Nf6 2. g3 d5 3. Bg2 e6 4. O-O Be7 5. c4 O-O 6. b3 c5 7. cxd5 Nxd5 8. Bb2 Nc6 9. d4 cxd4 10. Nxd4 Bd7 {A14: English Opening: 1...e6 with b3 by White.} 11. Na3 Bf6 12. Qd2 Nxd4 13. Bxd4 {[#]} Bc6 $146 ({Predecessor:} 13... Bxd4 14. Qxd4 Bc6 15. Rfd1 Qe7 16. Nc4 Rfd8 17. Ne5 Bb5 18. Bf3 Nb4 19. Qb2 f6 {1-0 (73) Moriarty,A (2217)-Salzmann,S (2336) ICCF email 2018}) 14. Rfd1 Ne7 15. Bxf6 Qxd2 16. Rxd2 gxf6 17. Bxc6 Nxc6 18. Rd7 Rab8 19. Nc4 Rfd8 20. Rad1 f5 {[#]} (20... Kf8 $11 {remains equal.}) 21. f4 ({Better is} 21. R1d6 $1 $16) 21... b5 {Threatens to win with ...Rxd7.} 22. Ne5 Rxd7 23. Nxd7 $14 {[%mdl 4096] Endgame KRN-KRN} Rb7 24. Nc5 Rb8 25. Rd7 a5 26. Nd3 Rd8 27. Rc7 Rd6 28. Kf2 h5 29. a3 f6 30. Rb7 Nd4 31. b4 axb4 32. Nxb4 Rd8 33. Rb6 Kf7 {The position is equal.} 34. h3 Ra8 35. e3 Nb3 36. Rxb5 Rxa3 37. Nc2 Ra2 38. Rxb3 {[#] Hoping for Rb7+.} Rxc2+ 39. Kf3 Rc6 40. Rb7+ Kg6 41. Re7 Ra6 {Accuracy: White = 82%, Black = 85%.} 1/2-1/2

[Event "Chessable Masters by chess24-A"]
[Site "Online"]
[Date "2020.06.19"]
[Round "8.3"]
[White "Grischuk, Alexander"]
[Black "Carlsen, Magnus"]
[Result "1/2-1/2"]
[WhiteElo "2784"]
[BlackElo "2881"]
[Annotator "TA"]
[PlyCount "90"]
[EventDate "2020.06.20"]
[EventType "tourn"]
[SourceTitle "playchess.com"]
[Source "ChessBase"]
[SourceQuality "1"]

{[%evp 9,90,32,48,29,47,58,42,-7,9,0,0,0,0,0,0,0,0,-6,1,-5,-14,0,0,0,9,13,18,19,27,19,21,24,23,13,16,21,45,45,45,45,45,45,45,45,45,45,45,45,45,45,45,45,45,45,45,31,31,31,31,31,31,30,48,48,48,48,48,39,39,39,47,20,20,8,20,20,20,0,20,0,20,0,20]} 1. e4 c5 2. Nf3 Nc6 3. Bb5 e5 4. O-O Bd6 5. d4 exd4 6. c3 {[%cal Rc3d4] [#] B30: Sicilian: 2...Nc6 3 Bb5, lines without ...g6.} a6 $146 ({Predecessor:} 6... Nge7 7. Re1 O-O 8. Bd3 Qc7 9. e5 Nxe5 10. Bxh7+ Kxh7 11. Ng5+ Kg6 12. h4 Rh8 {0-1 (28) Oyelese,M-Chikezie,M Lagos 2013}) 7. Bc4 {[%mdl 1024] White has compensation.} b5 8. e5 {White is slightly better.} Bc7 ({But not} 8... Nxe5 $6 9. Bd5 $16) 9. Bd5 Nge7 10. Bg5 {[%cal Rc3d4]} h6 11. Bxe7 $1 Qxe7 12. cxd4 cxd4 13. Nbd2 O-O 14. Nb3 Bb7 ({Don't go for} 14... Bxe5 $2 15. Re1 $18) 15. Re1 Bb6 16. Nfxd4 (16. Qe2 {seems wilder.} Rfe8 17. Qe4 Rac8 18. Nh4 Qg5 19. Nf3) 16... Nxd4 17. Bxb7 Nxb3 18. Qxb3 Ra7 19. Bd5 Kh8 20. a4 d6 21. exd6 Qxd6 22. axb5 axb5 23. Rxa7 Bxa7 24. Qxb5 Qf4 25. Qe2 Rd8 26. Rd1 Qf5 27. Bf3 Rxd1+ 28. Qxd1 Qc5 29. Qe1 g6 30. g3 Kg7 31. Kg2 Qc2 32. Qe5+ (32. b4 {looks sharper.} Qb2 33. b5 Bb6 34. Bc6 h5 35. h4) 32... Kg8 33. Qe2 Qxe2 34. Bxe2 $14 {[%mdl 4096] Endgame KB-KB} Bc5 35. g4 g5 36. Bc4 Kf8 37. Kf3 Ke7 38. Ke2 f6 39. Kf3 Kd6 40. h3 Ke5 {The position is equal.} 41. b3 Kd4 42. Bg8 Bb4 43. Bc4 Bc5 44. Bg8 Bb4 45. Bc4 Bc5 {Accuracy: White = 94%, Black = 100%.} 1/2-1/2

[Event "Chessable Masters by chess24-A"]
[Site "Online"]
[Date "2020.06.19"]
[Round "9.1"]
[White "Harikrishna, Pentala"]
[Black "Nakamura, Hikaru"]
[Result "1/2-1/2"]
[WhiteElo "2690"]
[BlackElo "2829"]
[Annotator "TA"]
[PlyCount "85"]
[EventDate "2020.06.20"]
[EventType "tourn"]
[SourceTitle "playchess.com"]
[Source "ChessBase"]
[SourceQuality "1"]

{[%evp 9,85,-10,0,-58,24,24,25,0,0,0,0,0,0,-14,-7,0,5,0,7,0,16,10,18,5,8,0,34,41,68,68,70,48,58,39,58,5,20,10,28,19,26,0,0,0,0,0,0,0,47,47,47,47,51,44,158,162,191,157,237,232,453,434,403,179,158,6,6,6,6,6,42,0,13,0,0,0,0,0]} 1. Nf3 f5 2. d3 Nc6 3. e4 e5 4. Nc3 Bb4 5. exf5 d5 $1 6. d4 {[#] C40: Latvian and Elephant Gambits.} (6. a3 $11 Bxc3+ 7. bxc3) 6... exd4 $146 ({Better is} 6... e4 $1 $15 7. Ne5 Nxe5 8. dxe5 Bxf5) ({Predecessor:} 6... e4 7. Bg5 Be7 8. Bxe7 Ngxe7 9. Nh4 Bxf5 10. Qh5+ g6 11. Qh6 Qd6 12. Bb5 Rf8 13. Bxc6+ Nxc6 {½-½ (30) Malakhov,V (2654)-Ivanchuk,V (2714) Zagreb 2018}) 7. Nxd4 $11 Nf6 $1 8. a3 {White has an edge.} Bxc3+ 9. bxc3 Nxd4 10. cxd4 Bxf5 11. f3 O-O 12. Be2 Qd7 13. a4 Qc6 {[#] aiming for ...Qc3+.} 14. Ra2 Rae8 15. O-O {Threatening Bb5.} a6 16. Bd2 Re6 17. Rf2 Rfe8 18. Bf1 Nd7 19. a5 h6 20. Qb1 Rb8 21. Qb3 b5 22. Qb4 (22. axb6 $14 Rxb6 23. Bb4) 22... Rbe8 23. Ra3 {[%cal Ba2a3,Ba3c3,Bc3c5][%mdl 32]} Nb8 24. Rc3 Qd7 25. Rc5 Rc6 26. Bf4 Ree6 27. Re2 Rxe2 28. Bxe2 Qe7 29. Rxb5 Qxe2 {[%mdl 64] [#] Double Attack} 30. Rxb8+ Kh7 31. Qd2 Qe7 (31... Qxd2 $14 32. Bxd2 Rxc2) 32. c3 $16 Qa3 33. h4 {Black must now prevent g4.} Qxa5 (33... Qa1+ $16 {was necessary.} 34. Kh2 Qxc3) 34. g4 $18 Qa1+ $2 (34... Qxc3 35. Qxc3 (35. gxf5 Qxf3 36. Qe3 Qd1+ 37. Kf2 Rc2+ 38. Kg3 Qf1 $11) 35... Rxc3) 35. Kf2 Bb1 36. Qc1 (36. Qe3 $142 {Intending Qe8 and mate.} Be4 37. Be5 (37. fxe4 Rxc3 38. Qe2 Qa4 $16)) 36... Rb6 37. Bxc7 $2 (37. Rd8 $16) 37... Rxb8 $11 38. Bxb8 Qa2+ 39. Kg3 Bd3 40. Qe3 Qc2 {The position is equal.} 41. h5 Qxc3 42. Be5 a5 43. Bxg7 {Black escapes into a draw. Accuracy: White = 68%, Black = 65%.} 1/2-1/2

[Event "Chessable Masters by chess24-A"]
[Site "Online"]
[Date "2020.06.19"]
[Round "9.2"]
[White "Dubov, Daniil"]
[Black "Carlsen, Magnus"]
[Result "0-1"]
[WhiteElo "2770"]
[BlackElo "2881"]
[Annotator "TA"]
[PlyCount "50"]
[EventDate "2020.06.20"]
[EventType "tourn"]
[SourceTitle "playchess.com"]
[Source "ChessBase"]
[SourceQuality "1"]

{[%evp 15,50,17,20,0,0,0,0,0,-1,0,0,0,0,0,0,0,0,0,0,0,0,0,-10,-182,-181,-330,-318,-436,-412,-448,-440,-456,-442,-599,-578,-595,-583]} 1. d4 Nf6 2. Nf3 d5 3. c4 c6 4. Nc3 e6 5. g3 Nbd7 6. Bg2 Be7 7. O-O O-O 8. b3 {[%cal Bb2b3,Bb3b4,Bb4b5][%mdl 32]} b6 9. Re1 {E07: Closed Catalan: Main Line (5 Nf3 0-0 6 0-0 Nbd7).} Ba6 10. Nd2 Rc8 11. Bb2 {The position is equal.} c5 12. dxc5 {[#]} Nxc5 $146 ({Predecessor:} 12... dxc4 13. c6 Nb8 14. Nxc4 Nxc6 15. Rc1 Bc5 16. Ne4 Nxe4 17. Bxe4 Qe7 18. e3 Bb4 {0-1 (48) Zaremba,A (2348)-Shaposhnikov,E (2557) chess.com INT 2017}) 13. b4 Nce4 14. Ncxe4 dxe4 15. b5 Bb7 {aiming for ...Bb4.} 16. e3 Bb4 17. Re2 Qd3 {And now ...Rfd8 would win.} 18. Rb1 {Hoping for Bxf6.} Bc3 $36 {[%mdl 2048] Black is pushing.} 19. Ba3 $2 {White does not recover from this.} (19. Bxc3 $11 {and White is okay.} Qxc3 20. Qa4) 19... Rfd8 $19 {[%cal Rc3d2]} 20. Rb3 {[#]} (20. Bb4 $142) 20... Qxc4 $1 {[%mdl 576] Pin} 21. Qe1 (21. Nxc4 Rxd1+) 21... Qd5 {[%cal Rc3d2]} 22. Bb4 {[#]} Qxb3 $1 {[%mdl 576] Remove Defender. Black is clearly winning.} 23. axb3 {Strongly threatening Bxc3.} Bxb4 24. Bf1 a5 25. Qd1 h6 {Accuracy: White = 51%, Black = 100%.} 0-1

[Event "Chessable Masters by chess24-A"]
[Site "Online"]
[Date "2020.06.19"]
[Round "9.3"]
[White "Artemiev, Vladislav"]
[Black "Grischuk, Alexander"]
[Result "1/2-1/2"]
[WhiteElo "2769"]
[BlackElo "2784"]
[Annotator "TA"]
[PlyCount "82"]
[EventDate "2020.06.20"]
[EventType "tourn"]
[SourceTitle "playchess.com"]
[Source "ChessBase"]
[SourceQuality "1"]

{[%evp 9,82,43,53,27,25,24,20,20,16,26,24,7,7,7,22,7,29,8,8,8,10,12,20,8,31,0,0,0,0,0,0,0,0,0,0,0,0,0,0,0,0,0,0,0,0,0,0,0,0,0,0,0,0,0,0,0,0,0,0,0,0,0,0,0,0,0,0,0,0,0,0,0,0,0,0]} 1. Nf3 d5 2. e3 c5 (2... Nf6 3. c4 e6 4. b3 c5 5. Bb2 Nc6 6. cxd5 exd5 7. Bb5 Bd6 8. d4 cxd4 9. Nxd4 O-O 10. O-O Bc7 11. Nd2 Qd6 12. g3 Bd7 13. Be2 a6 14. N2f3 Rfe8 15. Rc1 Ne4 {1-0 (41) Artemiev,V (2746)-Grischuk,A (2759) chess.com INT 2019}) 3. b3 f6 4. d4 cxd4 5. exd4 Nc6 {[#]} 6. c4 $146 {A06: Réti Opening: 1 Nf3 d5.} ({Predecessor:} 6. Be2 e5 7. dxe5 fxe5 8. O-O Nf6 9. Bb2 Bd6 10. Bb5 Qc7 11. Re1 e4 12. Bxf6 gxf6 13. Qxd5 {1-0 (22) Sergeev,K (1686)-Tetenkin,D (1396) Kirov 2019}) 6... e5 7. dxe5 Bg4 8. Be2 dxc4 9. O-O Qxd1 10. Rxd1 fxe5 11. Bxc4 Nf6 12. Nc3 Bc5 13. Nb5 {Nc7+ is the strong threat.} Ke7 14. Nc7 Rad8 15. Nd5+ Nxd5 16. Bxd5 h6 {[#] And now ...Be6 would win.} 17. Be3 (17. Bb2 {looks sharper.} Bd4 18. Rxd4 exd4 19. Bxc6 bxc6 20. Ne5) 17... Bxe3 {The position is equal.} 18. fxe3 Bxf3 19. Bxf3 Rxd1+ 20. Rxd1 $11 {[%mdl 4096] Endgame KRB-KRN} Rd8 21. Rc1 Rd2 22. Bxc6 bxc6 23. Rxc6 Rxa2 {KR-KR} 24. Kf1 Rb2 25. Ra6 Rxb3 26. Rxa7+ Kf6 27. Kf2 Rb2+ 28. Kg3 h5 29. h4 Rb4 30. Ra2 Rg4+ 31. Kh3 Kf5 32. Ra6 Ke4 33. Re6 g5 34. g3 gxh4 35. gxh4 Rg1 36. Rh6 Kf3 {[%cal Rg1h1] [#]} 37. Kh2 Rg2+ 38. Kh3 Rg1 {[%cal Rg1h1]} 39. Kh2 Rg2+ 40. Kh3 {White threatens Rf6+ and mate.} Rg3+ 41. Kh2 Rg2+ {Accuracy: White = 93%, Black = 100%.} 1/2-1/2

[Event "Chessable Masters by chess24-A"]
[Site "Online"]
[Date "2020.06.19"]
[Round "10.1"]
[White "Grischuk, Alexander"]
[Black "Harikrishna, Pentala"]
[Result "1-0"]
[WhiteElo "2784"]
[BlackElo "2690"]
[Annotator "TA"]
[PlyCount "59"]
[EventDate "2020.06.20"]
[EventType "tourn"]
[SourceTitle "playchess.com"]
[Source "ChessBase"]
[SourceQuality "1"]

{[%evp 27,59,31,57,33,84,79,93,88,145,138,139,146,146,144,139,143,152,147,145,138,149,154,186,186,184,146,162,158,295,128,659,661,862,843]} 1. d4 Nf6 2. c4 e6 3. Nf3 c5 4. d5 exd5 5. cxd5 g6 6. Nc3 Bg7 7. e4 O-O 8. Bd3 Re8 9. O-O d6 10. h3 c4 11. Bxc4 Nxe4 12. Nxe4 Rxe4 13. Bd3 Re8 14. Bg5 Bf6 15. Qa4 {Hoping for Bxf6. A70: Modern Benoni: 6 e4 g6 7 Nf3.} Bxg5 (15... Nd7 $14 16. Qh4 Bxg5 17. Nxg5 Nf6) 16. Nxg5 $16 {Qh4 is the strong threat.} Re5 {[#]} 17. f4 $1 {[%cal Rf4e5] White is better.} Rxd5 (17... Re3 $142) 18. Qc4 Rxg5 19. fxg5 Be6 20. Qf4 Nc6 {[#]} 21. Rf2 $146 ({Predecessor:} 21. Rad1 Bxa2 22. Be4 Qb6+ 23. Rf2 Nd4 24. Kh2 Rf8 25. Bxg6 hxg6 26. Rxd4 Rd8 27. Qf6 d5 28. Qxf7+ {1-0 (28) Salgado Allaria,C (2205)-Musat,A (2275) Bucharest 1993}) 21... Ne5 22. Bf1 Qb6 23. Kh2 Rc8 24. b3 Rc3 25. Rd1 Qc7 26. Kg1 a5 27. Qd4 d5 (27... Rc6 $16 {was worth a try.} 28. g4 b5 29. Bxb5 Rc3) 28. Qf4 (28. Re1 $18 {and White stays clearly on top.}) 28... b6 $2 {[%mdl 8192]} (28... Nd7 $16 29. Qxc7 Rxc7) 29. Re1 $18 Nd7 {[#]} 30. Rxe6 $1 {[%mdl 576] Remove Defender. White took control after the opening. Accuracy: White = 83%, Black = 42%.} 1-0

[Event "Chessable Masters by chess24-A"]
[Site "Online"]
[Date "2020.06.19"]
[Round "10.2"]
[White "Carlsen, Magnus"]
[Black "Artemiev, Vladislav"]
[Result "1/2-1/2"]
[WhiteElo "2881"]
[BlackElo "2769"]
[Annotator "TA"]
[PlyCount "82"]
[EventDate "2020.06.20"]
[EventType "tourn"]
[SourceTitle "playchess.com"]
[Source "ChessBase"]
[SourceQuality "1"]

{[%evp 9,82,31,31,28,37,37,58,42,63,29,42,13,73,22,21,0,7,0,22,-49,-44,-39,-52,-49,0,0,0,0,0,0,0,-27,0,0,0,0,0,0,0,0,0,0,0,0,0,0,0,0,0,0,0,0,0,0,0,0,0,0,0,0,0,0,0,0,0,0,0,0,0,0,0,0,0,0,0]} 1. Nf3 Nf6 2. c4 g6 3. Nc3 d5 4. cxd5 Nxd5 5. h4 Nxc3 6. bxc3 {A16: English Opening: 1...Nf6 with ...d5.} Bg7 7. h5 O-O 8. hxg6 {White is slightly better.} hxg6 9. Ba3 Re8 {[#]} 10. e4 $146 ({Predecessor:} 10. Qa4 e5 11. e4 Nd7 12. Be2 a6 13. d3 b5 14. Qc2 Nf8 15. Bc1 Ne6 16. g3 {0-1 (33) Bocharov,D (2533)-Artemiev,V (2709) St Petersburg 2018}) 10... Nd7 (10... e5 $11 {remains equal.}) 11. Bc4 ({White should try} 11. Ng5 $16) 11... c5 $11 12. d4 b5 {[%mdl 64] [#] Decoy} 13. Bxb5 Qa5 14. Qa4 (14. Qb3 Rb8 $19) ({White should play} 14. Bxd7 $1 $11 Qxc3+ 15. Kf1 Bxd7 16. Bxc5) 14... Qxc3+ $15 15. Ke2 {Threatens to win with Rac1.} Nb6 $1 {[%cal Rb6a4]} 16. Qb3 Qxb3 (16... cxd4 {is more complex.} 17. Qxc3 dxc3 18. Bxe8 Ba6+ 19. Kd1 Rd8+) 17. axb3 Bd7 $1 {[%cal Rd7b5]} 18. Bxd7 Nxd7 19. Rhd1 Rab8 20. Rab1 cxd4 (20... Nf6 $5 {[%cal Rf6e4]} 21. Bxc5 (21. e5 Nd5 $15) 21... Nxe4 $11) 21. Nxd4 {Threatening Nc6.The position is equal.} Rb6 22. b4 Nf6 23. f3 Nh5 24. b5 {Hoping for Nc6.} Bxd4 25. Rxd4 a6 26. Rd7 e5 27. Ke3 Rxb5 28. Rxb5 axb5 $11 {[%mdl 4096] Endgame KRB-KRN} 29. Rb7 Rc8 {[#] ...Rc3+ is the strong threat.} 30. Bb4 Rc2 31. Rxb5 Rb2 {And now ...Nf4 would win.} 32. Rb8+ Kh7 {Strongly threatening ...Nf4.} 33. Bd6 Rxb8 34. Bxb8 {KB-KN} f6 35. g4 Nf4 36. g5 Kg7 37. gxf6+ Kxf6 38. Bc7 Ne6 39. Bb8 Nf4 40. Bc7 Ne6 41. Bb8 Nf4 {Accuracy: White = 80%, Black = 90%.} 1/2-1/2

[Event "Chessable Masters by chess24-A"]
[Site "Online"]
[Date "2020.06.19"]
[Round "10.3"]
[White "Nakamura, Hikaru"]
[Black "Dubov, Daniil"]
[Result "1-0"]
[WhiteElo "2829"]
[BlackElo "2770"]
[Annotator "TA"]
[PlyCount "53"]
[EventDate "2020.06.20"]
[EventType "tourn"]
[SourceTitle "playchess.com"]
[Source "ChessBase"]
[SourceQuality "1"]

{[%evp 14,53,14,11,21,25,8,10,44,43,47,54,49,31,45,45,73,59,64,61,87,95,284,295,293,290,277,227,226,192,220,180,359,350,737,745,996,989,1068,1073,1063,1033]} 1. e4 c5 2. Nf3 Nc6 3. Nc3 g6 4. d4 cxd4 5. Nxd4 Bg7 6. Be3 Nf6 7. Bc4 O-O 8. Bb3 Re8 {B35: Sicilian: Accelerated Dragon with 5 Nc3: main line.} 9. f4 $5 {[%mdl 4] e5 is the strong threat. An interesting side line.} d6 {[#]} 10. Qf3 $146 ({Predecessor:} 10. h3 Nxd4 11. Bxd4 b5 12. O-O b4 13. Nd5 Nxe4 14. Bxg7 Kxg7 15. Qd4+ Nf6 16. Ba4 {½-½ (36) Kuhne,D (2391)-Glatzel,H (2318) ICCF email 2017}) 10... Bd7 {The position is equal.} 11. O-O Ng4 12. Nxc6 bxc6 13. Bd2 d5 14. f5 Ne5 15. Qf2 $36 {[%mdl 2048] White is more active.} e6 16. f6 Ng4 {[#]} 17. Qf3 $1 Qxf6 $2 (17... Nxf6 $16 {was called for.} 18. e5 Ne4 19. Nxe4 (19. Qxf7+ Kh8 $15) 19... dxe4 20. Qxf7+ (20. Qxe4 Qc7 $14) 20... Kh8) 18. Qxg4 $18 Qd4+ 19. Rf2 f5 20. Qf3 {[%cal Re4d5]} fxe4 21. Qf7+ Kh8 {Strongly threatening ...Rf8.} 22. Qxd7 Rad8 $2 (22... e3 {is a better defense.} 23. Bxe3 Qxe3) 23. Qxc6 Rf8 $2 (23... e3 24. Bxe3 Qxe3) 24. Be1 {White is clearly winning.} Qe3 25. Qxe6 Bd4 26. Nxd5 Qe2 {[#]} 27. Qe5+ $1 {[%mdl 512] White took control after the opening. Accuracy: White = 91%, Black = 61%.} 1-0